000 00299nam a22001337a 4500
008 181022b xxu||||| |||| 00| 0 eng d
020 _a9780312258405
041 _aeng
080 _25 ED
_a370
100 _a51
101 _aEDU
245 _aThe Practice Writing
_cScholes.R
942 _2udc
_cBK
999 _c50442
_d50442